Normal view
MARC view
Entry Personal Name
001 - CONTROL NUMBER
- control field: 2009
003 - CONTROL NUMBER IDENTIFIER
- control field: BD-RjUL
005 - DATE AND TIME OF LATEST TRANSACTION
- control field: 20220324101059.0
008 - FIXED-LENGTH DATA ELEMENTS
- fixed length control field: 220324|| aca||aabn | a|a d
040 ## - CATALOGING SOURCE
- Original cataloging agency: BD-RjUL
- Transcribing agency: BD-RjUL
100 ## - HEADING--PERSONAL NAME
- Personal name: إلياس، إدوار إ.= Elias, Edward
670 ## - SOURCE DATA FOUND
- Source citation: Work cat.: (BD-RjUL)59052: إلياس، إدوار إ.= Elias, Edward, القاموس الجامعي = The Collegiate Dictionary , ١٩٩٤ م.